000 00675nam a22001935i 4500
001 171767
003 ES-MaACL
005 20230906214726.0
008 090529s1881 sp |||| | spa d
245 0 0 _aCatálogo de las obras presentadas en la Exposición de la Academia Libre de Bellas Artes de 1882.
260 _aSevilla :
_b[s.n.],
_c1881 (
_fImp. y lit. de El Porvenir)
300 _a8 p. ;
_c21 cm.
650 1 4 _aArte español-
_yS.XIX-
_vExposiciones.
_9138900
655 7 _2tgfbne
_9193628
_aCatálogos de exposiciones
710 2 _aAcademia Libre de Bellas Artes.
_9140394
852 _aES-MaACL
_jT-893-F-1
942 _2udc
999 _c171767
_d171767